000 00267nam a2200097Ia 4500
001 1228033
005 20250827093034.0
008 250824s9999 xx 000 0 und d
245 0 _aKAYIP YOLCU
_cNECATİ GÖKSEL
260 _bALTIN KİTAPLAR YAYINLARI
999 _c1228033
_d1228033